000 00540nam a2200229 a 4500
001 nice12345678
003 IN_TiNIC
005 20260116015305.0
008 080630s2000 no a grp 000 0 eng
020 _a
_c100
082 0 0 _a231
_bWRI
100 _aWright, N T
245 _aJesus and the Victory of God
260 _aNo Pleace
_bNo Pleace
_c2000
300 _a00p
500 _aincludes index and biblioraphy
650 _aGod-Christianity
700 1 _aWright, N T
902 _bSRC
942 _cBK
999 _c19091
_d19091